000 01155cam a22003015a 4500
001 L159716
008 171214s2018 xxk f 000 0 eng d
020 _a9781138232907
035 _a(Sirsi) u159716
041 0 _aeng
050 0 4 _a690.0285
100 1 _aWinson-Geideman, Kimberley
245 0 0 _aReal estate analysis in the information age
_bTechniques for Big Data and statistical modelling
260 _aAbingdon
_bRoutledge
_c2018
520 _aConsiders the challenges of the need to integrate big data sources and statistical modelling techniques into conventional real estate research and analysis. Identifies data sources both conventional and big data, tools and processes, modelling and analysis using case studies . Concludes with a discussion on legal issues and future of big data .
590 _aKA
650 2 4 _aBIG DATA
650 2 4 _aSTATISTICS
650 2 4 _aDATA MODELLING
651 4 _aInternational
690 _aCommercial property
_96227
690 _aResidential property
_96266
700 1 _aKrause, Andy
700 1 _aLipscomb, Clifford
700 1 _aEvangelopoulos, Nicholas
856 4 0 _u
_z
942 _n0
999 _c116097
_d116097